Innovative cities. (Record no. 101304)

MARC details
000 -LEADER
fixed length control field 00755cam a2200253 4500
008 - FIXED-LENGTH DATA ELEMENTS--GENERAL INFORMATION
fixed length control field 000000n2001 000 0 eng u
020 ## - INTERNATIONAL STANDARD BOOK NUMBER
International Standard Book Number 0415234042
035 ## - SYSTEM CONTROL NUMBER
System control number (Sirsi) u111919
050 ## - LIBRARY OF CONGRESS CALL NUMBER
Classification number 711.52
100 ## - MAIN ENTRY--PERSONAL NAME
Personal name Simmie, James
-- editor
245 ## - TITLE STATEMENT
Title Innovative cities.
260 ## - PUBLICATION, DISTRIBUTION, ETC.
Place of publication, distribution, etc. London
Name of publisher, distributor, etc. Spon Press
Date of publication, distribution, etc. 2001
300 ## - PHYSICAL DESCRIPTION
Extent xv,254p. ; 24cm.
350 ## - PRICE (NR) (BK AM CF MU VM SE) [OBSOLETE]
Price 22.50
520 ## - SUMMARY, ETC.
Summary, etc. An international comparison of innovation in Amsterdam, London, Milan, Paris and Stuttgart, which looks at the characteristics and conditions which make for their economic success.
650 ## - SUBJECT ADDED ENTRY--TOPICAL TERM
Topical term or geographic name entry element STUTTGART
650 ## - SUBJECT ADDED ENTRY--TOPICAL TERM
Topical term or geographic name entry element MILAN
650 ## - SUBJECT ADDED ENTRY--TOPICAL TERM
Topical term or geographic name entry element AMSTERDAM
650 ## - SUBJECT ADDED ENTRY--TOPICAL TERM
Topical term or geographic name entry element PARIS
650 ## - SUBJECT ADDED ENTRY--TOPICAL TERM
Topical term or geographic name entry element LONDON
650 ## - SUBJECT ADDED ENTRY--TOPICAL TERM
Topical term or geographic name entry element URBAN AREAS
690 ## - LOCAL SUBJECT ADDED ENTRY--TOPICAL TERM (OCLC, RLIN)
Topical term or geographic name as entry element ECONOMIC ISSUES
942 ## - ADDED ENTRY ELEMENTS (KOHA)
Suppress in OPAC 0
Holdings
Withdrawn status Lost status Source of classification or shelving scheme Damaged status Not for loan Home library Current library Shelving location Date acquired Cost, normal purchase price Total Checkouts Full call number Barcode Date last seen Date last checked out Copy number Cost, replacement price Price effective from Koha item type
    Dewey Decimal Classification     London London Books 03/07/2001 22.50 12 711.52 SIM 30064542 06/08/2019 15/04/2009 1 22.50 06/08/2019 Book